1118 1379 1631 1990 1015 1965 1966 1969 1590 1394 1366 1913 1251 1510 1417 1502 1271 1547 1627 1806 1310 1960 1435 1683 1194 1365 1684 1991 1397 1735 1611 1350 1117 1784 1432 1388 1358 1018 1275 1820 1779 1030 1462 1397 1522 1674 1368 1014 1921 1231 1387 1096 1966 1540 1817 1711 1543 1058 1763 1866 1587 1418 1563 1441 1231 1837 1291 1365 1047 1497 1263 1459 1950 1813 1974 1998 1217 1515 1849 1264 1629 1698 1033 1175 1968 1944 1882 1038 1921 1544 1529 1454 1957 1528 1926 1885 1894 1474 1646 BCNSPRNW ULIB Ver.6.0+V

เปลี่ยนเป็นภาษาไทย

Change to English
 แสดงรายละเอียดบรรณานุกรม
  กลับหน้าหลัก

Brief Record : Get Marc (ISO 2709) : E-mail record : QR code < ปิดหน้าต่าง
LEADER : 00000nam 2200000uu 4500
001    13399112993
003     ULIB
008    110921s2553||||th 000 0 tha d
020    9789749940716
060 04 QW4^bน149จ 2553
100 0  นงลักษณ์ สุวรรณพินิจ
245 10 จุลชีววิทยาทั่วไป /^cนงลักษณ์ สุวรรณพินิจ, ปรีชาสุวรรณพินิจ
250    พิมพ์ครั้งที่ 8 (ฉบับพิมพ์เพิ่มเติม)
260    กรุงเทพฯ :^bสำนักพิมพ์แห่งจุฬาลงกรณ์มหาวิทยาลัย,^c2553
300    735 หน้า :^bภาพประกอบ ;^c26 ซม.
650  4 จุลชีววิทยา
700 0  ปรีชา สุวรรณพินิจ
945    ^p320^l0^i030630
945    ^p320^l0^i030631
995     เกษร
999 ^a ใช้งานได้ทุกระบบ
รายการนี้ยังไม่มีแท็ก
คุณยังไม่ได้ล็อกอิน คุณสามารถมีกิจกรรมร่วมกับเว็บไซต์ได้ แต่ต้องล็อกอินก่อน ::
  ล็อกอิน

รายการสื่อสารสนเทศ

ลำดับที่ ประเภท เลขเรียก/บาร์โค้ด สถานที่ สถานะ
1. วิทยาศาสตร์การแพทย์ และสุขภาพ
หนังสือสำรอง
สถานะ=หนังสือสำรอง
QW4 น149จ 2553  
  Barcode: 030630
ห้องสมุดวิทยาเขตสวรรค์ประชารักษ์
►ส่วนจัดเก็บหนังสือเก่า สปร
บนชั้น
  ขอยืม
2. วิทยาศาสตร์การแพทย์ และสุขภาพ
วิทยาศาสตร์การแพทย์ และสุขภาพ
QW4 น149จ 2553 ฉ.2 
  Barcode: 030631
ห้องสมุดวิทยาเขตสวรรค์ประชารักษ์
►ส่วนจัดเก็บหนังสือเก่า สปร
บนชั้น
  ขอยืม

รายการใกล้เคียง
    ผู้แต่ง [นงลักษณ์ สุวรรณพินิจ]

    หัวเรื่อง [จุลชีววิทยา]

BibComment


ยังไม่เคยถูกคอมเมนท์

คอมเมนท์ทรัพยากรรายการนี้
  คอมเมนท์: จุลชีววิทยาทั่วไป..


 Copyright 2026. Bcnsprnw @Library